000 00650nam a22002057a 4500
999 _c179361
_d179361
005 20210609122626.0
010 _aB-740207
020 _a9788126018089
_c150.00
035 _aB-740207
037 _bGift
082 1 4 _a793.31954
100 _aVatsyayan, Kapila
245 _aBharata:
_bthe natyasastra /
_cby Kapila Vatsyayan
260 _aNew Delhi
_bSahitya Akademi
_c2016
270 _aRabindra Bhawan, 35 Ferozshah Road
_bNew Delhi
_e110001
300 _ax, 218p.
_c22cm(Hb)
500 _ainclude index
942 _adpl
_cEN
_2ddc
_h793.31954
_mVAT